Welcome to WEB OPAC of MRSPTU Central Library

Business corespondance report writing (Record no. 4144)

MARC details
000 -LEADER
fixed length control field 00415nam a2200157Ia 4500
008 - FIXED-LENGTH DATA ELEMENTS--GENERAL INFORMATION
fixed length control field 230711s9999||||xx |||||||||||||| ||und||
041 ## - LANGUAGE CODE
Language code of text/sound track or separate title ENG
082 ## - DEWEY DECIMAL CLASSIFICATION NUMBER
Classification number 425
Item number SH-B
100 ## - MAIN ENTRY--PERSONAL NAME
Personal name Sharma,RC
245 #0 - TITLE STATEMENT
Title Business corespondance report writing
250 ## - EDITION STATEMENT
Edition statement 3rd Ed.
260 ## - PUBLICATION, DISTRIBUTION, ETC.
Date of publication, distribution, etc. 2003
Place of publication, distribution, etc. New Delhi
Name of publisher, distributor, etc. Tata McGraw Hill Education Limited
650 ## - SUBJECT ADDED ENTRY--TOPICAL TERM
Topical term or geographic name entry element UNIVESITY BUSNIESS SCHOOL
700 ## - ADDED ENTRY--PERSONAL NAME
Personal name Krishna Mohan
942 ## - ADDED ENTRY ELEMENTS (KOHA)
Koha item type Book
Holdings
Withdrawn status Lost status Damaged status Not for loan Collection Home library Current library Date acquired Total checkouts Full call number Barcode Date last seen Price effective from Koha item type Date due Date last checked out
          MRSPTU Central Library MRSPTU Central Library     425 SH-B 13931 08/17/2023 08/17/2023 Book    
          MRSPTU Central Library MRSPTU Central Library     425 SH-B 13932 08/17/2023 08/17/2023 Book    
          MRSPTU Central Library MRSPTU Central Library     425 SH-B 13933 08/17/2023 08/17/2023 Book    
          MRSPTU Central Library MRSPTU Central Library   1 425 SH-B 13934 09/27/2023 08/17/2023 Book 09/27/2023 09/27/2023
          MRSPTU Central Library MRSPTU Central Library     425 SH-B 13935 08/17/2023 08/17/2023 Book    

Website Designed and Developed by MRSPTU Central Library Team

E-mail Id: librarian@mrsptu.ac.in